000
00307nam a22001337a 4500
008
181205b xxu||||| |||| 00| 0 eng d
020
_a
9780721648873
041
_a
eng
080
_2
2 TH
_a
615
100
_a
7
101
_a
FAR
245
_a
Medications For Critical Care
_c
Lester.R.M
942
_2
udc
_c
BK
999
_c
52906
_d
52906